| 000 | 00750nam a2200265Ia 4500 | ||
|---|---|---|---|
| 003 | OSt | ||
| 005 | 20220918163431.0 | ||
| 006 | a|||||r|||| 00| 0 | ||
| 007 | ta | ||
| 008 | 220917b |||||||| |||| 00| 0 eng d | ||
| 020 | _a0 7546 2081 6 (hbk) | ||
| 024 | _a196,129 | ||
| 037 | _cTextual | ||
| 040 |
_aARTS _cARTS _beng |
||
| 041 |
_2eng _aeng |
||
| 082 | _aZ73,9298, P0 | ||
| 100 |
_aVaughn Robert G _913136 |
||
| 245 | 0 | _aFreedom of information | |
| 260 |
_aAldershot _bAshgate _c2000 |
||
| 300 |
_axxx, 436 p. _ccm. |
||
| 490 | _aThe international library of essays in law & legel theory second series | ||
| 650 |
_aLAW _97240 |
||
| 942 |
_hZ73,9298, P0 _cTEXL _2CC |
||
| 999 |
_c119581 _d119581 |
||